[Event "AUTO-INT-1655"]
[Site "http://www.queenalice.com/game.php?id=752677"]
[Date "2010.3.28"]
[Round "1"]
[White "callende"]
[Black "Anna_Croft_SWC"]
[Result "1-0"]
[WhiteElo "1762"]
[BlackElo "1462"]

1. e4 e5 2. f3 Nf6 3. Nc3 Bc5 4. a3 O-O 5. Bc4 Nc6 6. Rb1 a6 7. d3 Nd4 8. Bg5 h6
9. Bh4 b5 10. Ba2 Be7 11. Bg3 d6 12. Nge2 c5 13. Nxd4 cxd4 14. Ne2 Qa5+ 15. Qd2
Qd8 16. c3 dxc3 17. Nxc3 Nh5 18. Bf2 Nf4 19. O-O Bg5 20. Qd1 Bb7 21. Kh1 Rc8 22.
g3 Nh3 23. Be1 Qb6 24. Kg2 Nf4+ 25. gxf4 exf4 26. Bf2 Qd8 27. Rh1 Bf6 28. Bd5
Bxd5 29. Nxd5 Be5 30. Rg1 Rc2 31. Qxc2 a5 32. d4 Bf6 33. Rbd1 a4 34. e5 dxe5 35.
Nxf6+ Qxf6 36. d5 Rd8 37. Bc5 Qg5+ 38. Kh1 Qh5 39. Qe4 Rc8 40. Rc1 f6 41. d6 Rd8
42. Qd5+ Kh7 43. d7 Qf5 44. Qe4 Qxe4 45. fxe4 Rxd7 46. Rcd1 Rxd1 47. Rxd1 g5 48.
h3 h5 49. Rd7+ Kg6 50. Bf8 g4 51. Rg7+ Kh6 52. Rxg4+ 1-0

[Event "AUTO-OPEN-1928"]
[Site "http://www.queenalice.com/game.php?id=753092"]
[Date "2010.3.28"]
[Round "1"]
[White "bbking"]
[Black "Anna_Croft_SWC"]
[Result "0-1"]
[WhiteElo "1539"]
[BlackElo "1397"]

1. e4 e5 2. Nf3 d6 3. d4 exd4 4. Nxd4 c5 5. Bb5+ Bd7 6. Bxd7+ Qxd7 7. Nf5 Nf6 8.
Nc3 d5 9. exd5 Qxf5 10. O-O Bd6 11. Nb5 Qe5 12. Nxd6+ Qxd6 13. Re1+ Kf8 14. Bg5
h6 15. Bxf6 Qxf6 16. d6 Nd7 17. Re7 Rd8 18. Qd5 Ne5 19. Rxe5 Rxd6 20. Qxc5 g6
21. Rae1 Kg7 22. h3 b6 23. Qe3 Rhd8 24. Qe2 Rd2 25. Qe3 Rxc2 26. Re2 Rc4 27. b3
Rcd4 28. g4 Qh4 29. f4 Rd3 30. Qf2 Qxh3 31. g5 Rg3+ 32. Qxg3 Qxg3+ 33. Rg2 Rd1+
0-1

[Event "AUTO-OPEN-1928"]
[Site "http://www.queenalice.com/game.php?id=753093"]
[Date "2010.3.28"]
[Round "1"]
[White "Anna_Croft_SWC"]
[Black "bbking"]
[Result "0-1"]
[WhiteElo "1419"]
[BlackElo "1517"]

1. e4 e5 2. d3 d5 3. exd5 Qxd5 4. c4 Qd4 5. Be3 Qxb2 6. Nd2 Nf6 7. Ngf3 Bg4 8.
Be2 Nc6 9. a4 Bb4 10. O-O Bxf3 11. Bxf3 Bxd2 12. Bxd2 Nd4 13. Rb1 Nxf3+ 14. gxf3
Qd4 15. Be3 Qc3 16. Rb3 Qa5 17. Rxb7 c5 18. Bg5 O-O 19. Re1 Rfe8 20. f4 exf4 21.
Rxe8+ Rxe8 22. Bxf6 gxf6 23. Qg4+ Kh8 24. Rxf7 Rg8 25. h3 Rxg4+ 26. hxg4 Qb6 27.
f3 a5 28. Kh2 Qe6 29. Rf8+ Kg7 30. Ra8 Qe2+ 31. Kh3 Qxf3+ 32. Kh4 Qxa8 0-1

[Event "AUTO-OPEN-1928"]
[Site "http://www.queenalice.com/game.php?id=753114"]
[Date "2010.3.28"]
[Round "1"]
[White "Ditto"]
[Black "Anna_Croft_SWC"]
[Result "1-0"]
[WhiteElo "1718"]
[BlackElo "1432"]

1. d4 d5 2. Nc3 e6 3. Bf4 Nc6 4. Nf3 Bb4 5. e3 Bxc3+ 6. bxc3 Nf6 7. Bb5 Bd7 8.
Bd3 O-O 9. Bg5 h6 10. Bf4 Ne7 11. Ne5 a6 12. O-O b6 13. Qf3 c5 14. Qg3 g5 15.
Nxd7 Qxd7 16. Be5 Kg7 17. Qf3 Nf5 18. e4 Nh4 19. Qxf6+ 1-0

[Event "AUTO-OPEN-1928"]
[Site "http://www.queenalice.com/game.php?id=753115"]
[Date "2010.3.28"]
[Round "1"]
[White "Anna_Croft_SWC"]
[Black "Ditto"]
[Result "0-1"]
[WhiteElo "1388"]
[BlackElo "1769"]

1. e4 e5 2. Bc4 Nf6 3. d3 Bc5 4. Bg5 d6 5. Nf3 Bg4 6. h3 Bd7 7. O-O Nc6 8. a3
Nd4 9. Nc3 O-O 10. b4 Bb6 11. Bd5 c6 12. Ba2 Nxf3+ 13. Qxf3 Bd4 14. Bd2 a5 15.
bxa5 Qxa5 16. Nb1 Qc5 17. c3 Bxc3 18. Bxc3 Qb6 19. Bc4 Qc7 20. Bb4 c5 21. Bc3
Bc6 22. Nd2 Bd7 23. Rfb1 Ba4 24. Bd5 Rab8 25. Nc4 Bd7 26. Rb6 Qd8 27. Rxd6 Qe7
28. Bxe5 b5 29. Ra6 bxc4 30. Bd6 Qd8 31. Bxf8 Qxf8 0-1

[Event "AUTO-OPEN-1928"]
[Site "http://www.queenalice.com/game.php?id=753128"]
[Date "2010.3.28"]
[Round "1"]
[White "Anna_Croft_SWC"]
[Black "leandrodaquimica"]
[Result "1-0"]
[WhiteElo "1454"]
[BlackElo "1526"]

1. e4 d5 2. e5 Nc6 3. d4 f6 4. exf6 exf6 5. Bd3 Nxd4 6. c3 Nc6 7. Nf3 Bg4 8. h3
Bxf3 9. Qxf3 d4 10. Qe4+ Nge7 11. cxd4 Nxd4 12. Qxb7 Nd5 13. Be4 Rb8 14. Qxa7
Nb4 15. Qa4+ c6 16. O-O Ne2+ 17. Kh1 Bd6 18. Bxc6+ Kf7 19. Qb3+ Kg6 20. Be4+ f5
21. Qe6+ Kh5 22. Qxf5+ g5 23. Bf3+ Kh6 24. Bxe2 Qe7 25. Nc3 Rbc8 26. Ne4 Rhf8
27. Bxg5+ Kg7 28. Qg4 Qe8 29. Nxd6 Qg6 30. Nxc8 h6 31. Ne7 Qxg5 32. Qxg5+ hxg5
33. Bg4 Re8 34. Nf5+ Kf6 35. a3 Nc2 36. b4 Nxa1 37. Rxa1 Ke5 38. Re1+ 1-0

[Event "AUTO-OPEN-1928"]
[Site "http://www.queenalice.com/game.php?id=753129"]
[Date "2010.3.28"]
[Round "1"]
[White "leandrodaquimica"]
[Black "Anna_Croft_SWC"]
[Result "0-1"]
[WhiteElo "1499"]
[BlackElo "1444"]

1. e4 e5 2. Qh5 g6 3. Qxe5+ Ne7 4. Qxh8 Nbc6 5. Qxh7 d5 6. Nf3 dxe4 7. Ng5 Ne5
8. d4 Qxd4 9. f3 exf3 10. gxf3 f6 11. c3 Qd5 12. Bh3 fxg5 13. Bxg5 Nxf3+ 14. Kf2
Nxg5 15. Qh4 Qxh1 16. Qxg5 Bxh3 17. Qb5+ Bd7 18. Qe2 Qxh2+ 19. Ke3 Bh6+ 20. Kd3
Bf5+ 21. Qe4 Bxe4+ 22. Kxe4 Qc2+ 0-1

[Event "LEOKnopp"]
[Site "http://www.queenalice.com/game.php?id=755623"]
[Date "2010.4.3"]
[Round "1"]
[White "Anna_Croft_SWC"]
[Black "agsantos"]
[Result "0-1"]
[WhiteElo "1492"]
[BlackElo "1689"]

1. d4 d5 2. e3 Nf6 3. Nc3 e6 4. Bb5+ Bd7 5. Bd3 Bb4 6. Bd2 O-O 7. a3 Bxc3 8.
Bxc3 a6 9. Nf3 b5 10. b4 Nc6 11. O-O Ng4 12. h3 Nh6 13. a4 Ne7 14. a5 f5 15. Ne5
Be8 16. f4 Ng6 17. Nf3 Nh4 18. Ng5 Nf7 19. Qh5 Nxg5 20. Qe2 Ne4 21. Be1 Qf6 22.
c3 Qg6 23. Bxh4 Nxc3 24. Qc2 Ne4 25. Qxc7 Rf7 26. Qc2 Ng3 27. Rf3 Nh5 28. Be2
Bd7 29. Rc1 Rff8 30. Qc7 Rac8 31. Qxd7 Rxc1+ 32. Kh2 Nf6 33. Qxe6+ Kh8 34. Rg3
Ng4+ 35. hxg4 Qxe6 36. gxf5 Rxf5 37. Bg4 Qh6 38. Rh3 Rf7 39. Bg5 Qd6 40. Bh4 Rc3
41. Be1 Rxe3 42. Bg3 Rxf4 43. Bxf4 Qxf4+ 0-1

[Event "agsantos"]
[Site "http://www.queenalice.com/game.php?id=760988"]
[Date "2010.4.14"]
[Round "1"]
[White "rocha"]
[Black "Anna_Croft_SWC"]
[Result "0-1"]
[WhiteElo "1414"]
[BlackElo "1455"]

1. e3 d5 2. d4 e6 3. a3 Nf6 4. h3 Bd6 5. Nd2 O-O 6. Bd3 Nc6 7. Nb3 e5 8. f3 exd4
9. Nxd4 Nxd4 10. exd4 b6 11. Ne2 c6 12. g4 b5 13. b4 h6 14. g5 hxg5 15. h4 gxh4
16. Rxh4 Ne4 17. Rxe4 dxe4 18. Bxe4 Qh4+ 19. Kd2 Bd7 20. Nc3 f5 21. Bd3 Bf4+ 22.
Ke2 Rfe8+ 23. Be4 fxe4 24. Nxe4 Bf5 25. Kd3 Bxe4+ 26. Kc3 Bd5 27. Bd2 Bxd2+ 28.
Kxd2 Qf4+ 29. Kc3 Re3+ 30. Kb2 Bxf3 31. Qd2 Rd8 32. c3 Re2 33. Qc2 Rxc2+ 34.
Kxc2 Re8 35. a4 Re2+ 36. Kb3 Qd2 37. axb5 cxb5 0-1

[Event "Challenge"]
[Site "http://www.queenalice.com/game.php?id=765417"]
[Date "2010.4.24"]
[Round "-"]
[White "Anna_Croft_SWC"]
[Black "Urko"]
[Result "1-0"]
[WhiteElo "1433"]
[BlackElo "1700"]

1. e4 e5 2. Bc4 d6 3. Qf3 Be6 4. Bxe6 fxe6 5. Nh3 h6 6. O-O Nf6 7. d3 Be7 8. Nc3
c6 9. b3 d5 10. exd5 exd5 11. Ne2 d4 12. Ng3 g6 13. a4 Nbd7 14. Ne4 g5 15. g3 g4
16. Qf5 1-0

[Event "AUTO-INT-1681"]
[Site "http://www.queenalice.com/game.php?id=765435"]
[Date "2010.4.24"]
[Round "1"]
[White "Checker"]
[Black "Anna_Croft_SWC"]
[Result "1-0"]
[WhiteElo "1414"]
[BlackElo "1469"]

1. e4 e5 2. Bc4 Nf6 3. Nc3 Bc5 4. Na4 Nxe4 5. d3 Nxf2 6. Qf3 O-O 7. Nxc5 Nxh1 8.
Ne4 d5 9. Bxd5 Qxd5 10. Nf6+ gxf6 11. Qxd5 c6 12. Qf3 f5 13. Bh6 Rd8 14. g4 f4
15. c3 f6 16. d4 exd4 17. Qxf4 1-0

[Event "AUTO-INT-1681"]
[Site "http://www.queenalice.com/game.php?id=765436"]
[Date "2010.4.24"]
[Round "1"]
[White "Anna_Croft_SWC"]
[Black "Checker"]
[Result "0-1"]
[WhiteElo "1394"]
[BlackElo "1632"]

1. e4 e5 2. Bc4 c6 3. Qf3 Nh6 4. d3 b5 5. Bb3 d5 6. exd5 Bg4 7. Qe4 Qc7 8. Bxh6
f5 9. Qe3 gxh6 10. Nc3 b4 11. Na4 c5 12. h3 f4 13. Qe4 Bh5 14. d6 Qc6 15. Qxe5+
Kd8 16. Qf6+ Kc8 17. Qxh8 Qe8+ 18. Kd2 Bxd6 19. Qxe8+ Bxe8 20. Bd5 Nc6 21. Re1
Bg6 22. Bxc6 Rb8 23. b3 Kc7 24. Bd5 Rf8 25. f3 Rd8 26. Ne2 Be5 27. Bc4 Kc6 28.
Nc1 Bd4 29. Ne2 Be3+ 30. Kd1 h5 31. h4 Rd6 32. g3 fxg3 33. Nxg3 Bf2 34. Re5 Bxg3
0-1

[Event "AUTO-INT-1681"]
[Site "http://www.queenalice.com/game.php?id=765451"]
[Date "2010.4.24"]
[Round "1"]
[White "Gansothedark"]
[Black "Anna_Croft_SWC"]
[Result "1-0"]
[WhiteElo "1283"]
[BlackElo "1386"]

1. e4 e5 2. Nf3 Nc6 3. d4 exd4 4. Nxd4 Nxd4 5. Qxd4 c5 6. Qc3 Qh4 7. Nd2 Nf6 8.
g3 Nxe4 9. gxh4 Nxc3 10. bxc3 g6 11. Bg2 Bg7 12. O-O Bxc3 13. Rb1 b6 14. Rb3
Bxd2 15. Bxd2 Rb8 16. f4 O-O 17. f5 gxf5 18. Rxf5 d6 19. Rbf3 Be6 20. Rg3+ Kh8
21. Rfg5 h6 22. Rg7 h5 23. Be4 f5 24. Bf3 a5 25. Bc3 d5 26. Re7+ 1-0

[Event "AUTO-INT-1681"]
[Site "http://www.queenalice.com/game.php?id=765452"]
[Date "2010.4.24"]
[Round "1"]
[White "Anna_Croft_SWC"]
[Black "Gansothedark"]
[Result "0-1"]
[WhiteElo "1366"]
[BlackElo "1303"]

1. e4 e5 2. Bc4 Nf6 3. d3 Be7 4. Nf3 h6 5. O-O O-O 6. Nxe5 d6 7. Nf3 Nc6 8. b3
Bg4 9. h3 Be6 10. Bxe6 fxe6 11. Bb2 Qd7 12. c4 Rf7 13. a3 Raf8 14. Nd4 Nxd4 15.
Bxd4 e5 16. Bxa7 c6 17. b4 Ra8 18. Bb6 d5 19. cxd5 cxd5 20. exd5 Nxd5 21. Bc5
Bxc5 22. bxc5 Rf6 23. Qb3 Kh8 24. Nd2 Nf4 25. Ne4 Rg6 0-1

[Event "AUTO-INT-1681"]
[Site "http://www.queenalice.com/game.php?id=765461"]
[Date "2010.4.24"]
[Round "1"]
[White "RobertoAllan"]
[Black "Anna_Croft_SWC"]
[Result "1-0"]
[WhiteElo "1254"]
[BlackElo "1439"]

1. e4 e5 2. Nf3 d6 3. Bc4 Nf6 4. d3 c6 5. Bg5 Be7 6. O-O h6 7. Bh4 b5 8. Bb3 O-O
9. Nc3 a5 10. a3 a4 11. Ba2 Bg4 12. Qe2 Nh5 13. Bxe7 Qxe7 14. Qe3 Nd7 15. d4 Nf4
16. dxe5 dxe5 17. Rfe1 1-0

[Event "AUTO-INT-1681"]
[Site "http://www.queenalice.com/game.php?id=765462"]
[Date "2010.4.24"]
[Round "1"]
[White "Anna_Croft_SWC"]
[Black "RobertoAllan"]
[Result "0-1"]
[WhiteElo "1416"]
[BlackElo "1277"]

1. e4 e5 2. Bc4 Nf6 3. d3 Nc6 4. Nf3 Bc5 5. O-O O-O 6. Bb5 d6 7. Bxc6 bxc6 8. h3
Bb7 9. c4 d5 10. cxd5 cxd5 11. Nxe5 dxe4 12. Qb3 Qe7 13. Bf4 exd3 14. Qxb7 Rab8
15. Qa6 Rxb2 16. Qxd3 Rd8 0-1